000 00332nam a22001457a 4500
008 210301b ||||| |||| 00| 0 eng d
020 _a9780321683281
041 _aeng
080 _24th
_a573
080 _a573
100 _a11
101 _aBIO
245 _aPracticing Biology a student woorkbook
_cHeitz, J
942 _2udc
_cBK
999 _c55369
_d55369